Radiation in enclosures : elliptic boundary value problems (Record no. 301272)

000 -LEADER
fixed length control field 00438 a2200157 4500
001 - CONTROL NUMBER
control field 66199
082 ## - DEWEY DECIMAL CLASSIFICATION NUMBER
Classification number 539.20015118 MBI
090 ## - LOCALLY ASSIGNED LC-TYPE CALL NUMBER (OCLC); LOCAL CALL NUMBER (RLIN)
-- 38488
-- 38488
100 ## - MAIN ENTRY--PERSONAL NAME
Personal name Mblock, Aristide
245 ## - TITLE STATEMENT
Title Radiation in enclosures : elliptic boundary value problems
250 ## - EDITION STATEMENT
Edition statement 1
260 ## - PUBLICATION, DISTRIBUTION, ETC.
Place of publication, distribution, etc. Berlin
Name of publisher, distributor, etc. Springer
Date of publication, distribution, etc. 1999
300 ## - PHYSICAL DESCRIPTION
Extent xiii, 211
600 ## - SUBJECT ADDED ENTRY--PERSONAL NAME
Title of a work elliptic boundary value problems
740 ## - ADDED ENTRY--UNCONTROLLED RELATED/ANALYTICAL TITLE
Uncontrolled related/analytical title elliptic boundary value problems
942 ## - ADDED ENTRY ELEMENTS (KOHA)
Institution code [OBSOLETE] NUST-CAE
Call number prefix 539.20015118 MBI
Holdings
Withdrawn status Lost status Damaged status Not for loan Collection code Permanent Location Current Location Date acquired Total Checkouts Full call number Barcode Date last seen Price effective from Koha item type
          College of Aeronautical Engineering (CAE) College of Aeronautical Engineering (CAE) 04/03/2017   539.20015118 MBI CAEN-798 04/05/2017 04/05/2017 Book
© 2023 Central Library, National University of Sciences and Technology. All Rights Reserved.